000 00775nam a2200253Ia 4500
003 OSt
005 20220925202013.0
006 a|||||r|||| 00| 0
007 ta
008 220923b |||||||| |||| 00| 0 eng d
020 _a0 19 5636 12 0
037 _cGeneral Book
040 _aRTL
_cRTL
_beng
041 _2eng
_aeng
082 _aV252J:51.M57, N 4
100 _aRoy Tapti
_929675
245 0 _aPolitics of a popular uprising
_b Bundelkhand in 1857
260 _aDelhi
_bOxford University Press
_c1994
300 _aix, 291p
_ccm.
500 _aBibliography: P 270-81; Appendix: P 248-54; Glossary: P 260-69
650 _aHistory of Uttar Pradesh
942 _hV252J:51.M57, N 4
_cGB
_2CC
999 _c542118
_d542118